| 000 | 00549nam a22001817a 4500 | ||
|---|---|---|---|
| 999 |
_c526680 _d526680 |
||
| 003 | NUST | ||
| 020 | _qPBK | ||
| 038 | _aFaiza | ||
| 082 |
_a891.421 _bSHA |
||
| 100 |
_aShahid, Muhammad Riaz _915300 |
||
| 245 |
_aKashmir Asada ay / _cMuhammad Riaz Shahid |
||
| 260 |
_aFaisalabad : _bSangat Publications, _c2003. |
||
| 300 | _a80 p. ; | ||
| 880 |
_6100-01\r _aمحمد ریاض شاہد |
||
| 880 |
_6245-02\r _aکشمیر اساڈا اے / |
||
| 880 |
_6260-03\r _aفیصل آباد : _bسنگت پبلیکیشنز, _c۲۰۰۳. |
||
| 942 |
_2ddc _cBK |
||